000 00368nam a2200157Ia 4500
005 20250423101132.0
008 250422s9999 xx 000 0 und d
020 _a0- 7582- 0497- 3
050 _aPS3603.O65A637
100 _aRick Copp
245 4 _aThe actor's guide to adultery
260 _bKensington books
260 _c2004
300 _a279 p
942 _cBK
999 _c35395
_d35395